| 000 | 00736nam a22002177a 4500 | ||
|---|---|---|---|
| 003 | OSt | ||
| 005 | 20250710073235.0 | ||
| 008 | 250710b |||||||| |||| 00| 0 eng d | ||
| 020 | _a978-981-3312-88-3 | ||
| 040 |
_aDWC-Main Lib _cOC |
||
| 082 | _aCirc. 155 P213e 2024 | ||
| 100 | _aPapalia, Diane E. | ||
| 245 |
_aExperience human development/ _cDiane E. Papalia & Gabriela Alicia Martorell |
||
| 250 | _aFifteenth edition | ||
| 260 |
_aNew York: _bMcGraw Hill, _cc2024. |
||
| 300 |
_aix, 573 pages: _billustrations; _c27 cm. |
||
| 504 | _aGlossary G1-G11. Bibliography B1-B102. Index I1-I49. | ||
| 650 | _a1. Developmental psychology. | ||
| 700 | _aMartorell, Gabriela Alicia | ||
| 942 |
_2ddc _cBK-CIRC _eFifteenth edition _kCirc. _n0 |
||
| 999 |
_c3588 _d3588 |
||